<?xml version="1.0" encoding="UTF-8"?>
<record
    xmlns:xsi="http://www.w3.org/2001/XMLSchema-instance"
    xsi:schemaLocation="http://www.loc.gov/MARC21/slim http://www.loc.gov/standards/marcxml/schema/MARC21slim.xsd"
    xmlns="http://www.loc.gov/MARC21/slim">

  <leader>02190nam a22002057a 4500</leader>
  <datafield tag="999" ind1=" " ind2=" ">
    <subfield code="c">6544</subfield>
    <subfield code="d">6544</subfield>
  </datafield>
  <controlfield tag="003">AR-CdUCM</controlfield>
  <controlfield tag="008">190318b           ||||| |||| 00| 0 spa d</controlfield>
  <datafield tag="020" ind1=" " ind2=" ">
    <subfield code="a">84-499-1618-6</subfield>
  </datafield>
  <datafield tag="040" ind1=" " ind2=" ">
    <subfield code="a">MUNICIPALIDAD PROVINCIAL DEL CUSCO</subfield>
    <subfield code="c">BIBLIOTECA MUNICIPAL DEL CUSCO</subfield>
  </datafield>
  <datafield tag="082" ind1=" " ind2=" ">
    <subfield code="a">985 /</subfield>
    <subfield code="b">H59</subfield>
  </datafield>
  <datafield tag="245" ind1=" " ind2=" ">
    <subfield code="a">Historia del Per&#xFA; /</subfield>
  </datafield>
  <datafield tag="260" ind1=" " ind2=" ">
    <subfield code="a">Espa&#xF1;a :</subfield>
    <subfield code="b">Juan Mej&#xED;a Baca,</subfield>
    <subfield code="c">1981</subfield>
  </datafield>
  <datafield tag="300" ind1=" " ind2=" ">
    <subfield code="a">12 tomos ;</subfield>
    <subfield code="b">ilustraciones ;</subfield>
    <subfield code="c">21 cm.</subfield>
  </datafield>
  <datafield tag="505" ind1=" " ind2=" ">
    <subfield code="a">Contenido: t.2: Per&#xFA; antiguo -- El imperio Wari -- Los reinos y se&#xF1;orios locales de los andes centrales: 800-1470 D.C -- Los incas -- Investigaciones arqueologicas en el Per&#xFA; (1977-1979) -- t.3: El dualismo en el antiguo Per&#xFA; -- La religi&#xF3;n incaica -- La estructura social de las comunidades andinas -- t.4: Per&#xFA; colonial -- La conquista del Per&#xFA; de los Incas -- La sociedad andina colonial -- Econom&#xED;a y sociedad en el Per&#xFA; colonial -- El proceso productivo -- t.5: Econom&#xED;a y sociedad en el Per&#xFA; colonial. Movimiento social -- La literatura en el virreinato -- La religi&#xF3;n indigena en la colonia -- t.6: Per&#xFA; republicano Conatos levantamientos, campa&#xF1;as e ideologia de la independencia - Entre la independencia y la guerra con Chile -- t.7:Antecedentes de la guerra con Chile -- La guerra con Chile Los inicios de la expansi&#xF3;n mercantil capitalista en el Per&#xFA; -- t.8: Historia de la literatura del Per&#xFA; Republicano -- Econom&#xED;a, producci&#xF3;n y trabajo (Per&#xFA;, siglo XX) --Arquitectura y urbanismo en el antiguo Per&#xFA; -- t.9 procesos e instituciones -- La arquitectura en el virreinato y la republica -- Historia de las artes plasticas -- Informe sobre la m&#xFA;sia en el Per&#xFA; -- t.10: Historia de la educaci&#xF3;n en el Per&#xFA; -- Introducci&#xF3;n a la historia de la ciencia y la tecnolog&#xED;a en el Per&#xFA; -- Historia de la historia -- t.11: Feudalismo andino y movimientos sociales (1866-1965) Las ideas en el Per&#xFA; contemporaneo -- La igles&#xED;a catolica en el Per&#xFA; -- t.12: El pensamiento m&#xE1;gico-religioso en el Per&#xFA; contemporaneo -- Los movimientos populares en el Per&#xFA; -- La amazonia peruana -- El docenio militar.</subfield>
  </datafield>
  <datafield tag="650" ind1=" " ind2=" ">
    <subfield code="a">Historia </subfield>
    <subfield code="9">246</subfield>
  </datafield>
  <datafield tag="650" ind1=" " ind2=" ">
    <subfield code="a">Peru</subfield>
    <subfield code="9">429</subfield>
  </datafield>
  <datafield tag="650" ind1=" " ind2=" ">
    <subfield code="a">Colecciones</subfield>
    <subfield code="9">607</subfield>
  </datafield>
  <datafield tag="942" ind1=" " ind2=" ">
    <subfield code="2">ddc</subfield>
    <subfield code="c">LIBROS</subfield>
  </datafield>
  <datafield tag="945" ind1=" " ind2=" ">
    <subfield code="a">zta</subfield>
  </datafield>
  <datafield tag="952" ind1=" " ind2=" ">
    <subfield code="0">0</subfield>
    <subfield code="2">ddc</subfield>
    <subfield code="4">0</subfield>
    <subfield code="7">0</subfield>
    <subfield code="a">SH</subfield>
    <subfield code="b">SH</subfield>
    <subfield code="c">CART</subfield>
    <subfield code="d">2019-03-18</subfield>
    <subfield code="g">45.00</subfield>
    <subfield code="o">985 / H59 / t.3 / e.2</subfield>
    <subfield code="p">SH0000014769</subfield>
    <subfield code="r">2019-05-29</subfield>
    <subfield code="y">LIBROS</subfield>
  </datafield>
</record>
